000 00291nam a22001337a 4500
008 181030b xxu||||| |||| 00| 0 eng d
020 _a9780198264675
041 _aeng
080 _a101
100 _a24
101 _aFIL
245 _aIdealism and the Man
_cBerkeley, G
942 _2udc
_cBK
999 _c51127
_d51127